00348 a2200121 4500001001000000005001700010008004100027245001100068100003900079700002000118773007100138999001700209ART_1076020260410161854.0260409a 10aAborto1 aRodriguez Pería, María Eugenia1 aKandus, Cecilia0 tDerecho privadogBioderecho - Año I, Nº 1 (mayo 2012)wREV10455 c25294d25294